000 00749cab a2200229 4500
001 X1568
008 090401t1994 xxu||||| |||| 00| 0 eng d
035 _a(Sirsi) u17780
041 _aeng
245 _aWalter Lilly & Company Ltd v Westminster City Council
260 _c1994
350 _a0
490 _aConstruction Industry Law Letter
_v1994 CILL 937-938(2)
520 _aQBD 2 February 1994. Noise control; Control of Pollution Act 1974 s60; applicability of notice to further works.
650 _aCONTROL OF NOISE (APPEALS) REGULATIONS 1975
650 _aCONTROL OF POLLUTION ACT 1974
650 _aNOISE CONTROL
650 _aWESTMINSTER CC
690 _aBUILDING AND CONSTRUCTION-CASE LAW
942 _n0
948 _c04/03/1997
999 _c11794
_d11794